00785 a2200385 4500000002100000001000700021005001700028008004100045010000500086020000500091082001700096100002100113110000500134245008600139250000500225260004100230300001000271490000700281500000500288600000500293610000500298611000500303630000500308650000500313651000500318654000500323700002800328710000900356711000500365720000500370730000500375740000500380752000500385856000900390BKB 07161120200902151031.0  a a a639.99bF85C1 aFrankel, Otto H. a1 aThe conservation of plant biodiversitycby Otto H. Frankel and Anthony H.D. Brown a aUKbCambridge University Pressc1995 a299p. av a a a a a a a a aBrown, Anthony H.D.bc abc a a a a a adf